| 000 | 02242cam a2200493 a 4500 | ||
|---|---|---|---|
| 001 | ocn316567084 | ||
| 005 | 20250205130739.0 | ||
| 006 | m o d | ||
| 007 | cr cn||||||||| | ||
| 008 | 090320s1977 ne a ob 001 0 eng d | ||
| 020 | _a9780444415523 | ||
| 020 | _a0444415521 | ||
| 020 |
_a9780080870540 _q(electronic bk.) |
||
| 020 |
_a0080870546 _q(electronic bk.) |
||
| 020 |
_a9786611772352 _q(electronic bk.) |
||
| 020 | _a6611772359 | ||
| 020 | _a1281772356 | ||
| 020 | _a9781281772350 | ||
| 040 |
_aKO _beng |
||
| 041 | 0 | _aeng | |
| 082 | 0 | 4 |
_a551.4/601 _222 |
| 100 | 1 | _aCaruthers, Jerald W. | |
| 245 | 1 | 0 |
_aFundamentals of marine acoustics / _cby Jerald W. Caruthers. |
| 260 |
_aAmsterdam ; _aNew York : _bElsevier Scientific Pub. Co. ; _aNew York : _bDistributors for the U.S. and Canada, Elsevier North-Holland, _c1977. |
||
| 300 |
_a1 online resource (ix, 153 pages) : _billustrations |
||
| 338 | _aonline resource | ||
| 490 | 1 |
_aElsevier oceanography series ; _v18 |
|
| 504 | _aIncludes bibliographical references (page 139) and index. | ||
| 505 | 0 | _aFront Cover; Fundamentals of Marine Acoustics; Preface; Contents; Chapter 1. Introduction; Chapter 2. Electroacoustic and chemical transduction; Chapter 3. Hydrophones, projectors, and calibration; Chapter 4. Phased arrays; Chapter 5. Sonar equations and parameters; Chapter 6. Theory of sound propagation; Chapter 7. Sound propagation in the sea; Chapter 8. Reverberation; Chapter 9. Noise; Chapter 10. Sonar signal processing; General reference books; Solutions for selected problems; Index. | |
| 520 | _aFundamentals of Marine Acoustics. | ||
| 546 | _aEnglish. | ||
| 650 | 0 | _aUnderwater acoustics. | |
| 650 | 6 |
_aAcoustique sous-marine. _0(CaQQLa)201-0000447 |
|
| 650 | 7 |
_aSCIENCE _xEarth Sciences _xOceanography. _2bisacsh |
|
| 650 | 7 |
_aNATURE _xEcosystems & Habitats _xOceans & Seas. _2bisacsh |
|
| 650 | 7 |
_aUnderwater acoustics. _2fast _0(OCoLC)fst01161058 |
|
| 830 | 0 |
_aElsevier oceanography series ; _v18. |
|
| 856 | _uhttps://www.sciencedirect.com/science/book/9780444415523 | ||
| 856 | _uhttps://www.sciencedirect.com/science/bookseries/04229894/18 | ||
| 904 | _aRUDRA_R | ||
| 905 | _aR_RANJAN | ||
| 942 |
_2ddc _cEB |
||
| 999 |
_c3336 _d3336 |
||